000
00404nam a22001697a 4500
003
MPLRDC
005
20220104123725.0
008
210129b ||||| |||| 00| 0 eng d
082
_a
544.72 SH
100
_a
石华编
245
_a
青年人的生理常识
_c
260
_a
_b
世界书局有限公司
_c
1972
300
_b
平
490
_a
医药卫生丛书
650
_a
942
_c
BK
_o
544.72 SH
999
_c
13685
_d
13675